Repensar la Revelación. La revelación divina en la realización humana.
Gardado en:
| Autor Principal: | |
|---|---|
| Formato: | Unknown |
| Publicado: |
Madrid, España:
Trotta,
2008.
|
| Series: | Colección Estructuras y Procesos. Religión.
|
| Subjects: | |
| Tags: |
Engadir etiqueta
Sen Etiquetas, Sexa o primeiro en etiquetar este rexistro!
|
MARC
| LEADER | 00000 a2200000 4500 | ||
|---|---|---|---|
| 003 | CL-VaPUC | ||
| 005 | 20250107163838.0 | ||
| 008 | 241218t2008 ||||| |||| 00| 0 eng d | ||
| 999 | |c 445736 |d 445734 | ||
| 020 | |a 978-84-8164-946-8 | ||
| 040 | |c Pontificia Universidad Católica de Valparaíso | ||
| 082 | |2 22 |a 231.74 TOR 2008 | ||
| 100 | |a Torres Queiruga, Andrés |9 313314 |e autor | ||
| 245 | |a Repensar la Revelación. |b La revelación divina en la realización humana. | ||
| 260 | |a Madrid, España: |b Trotta, |c 2008. | ||
| 300 | |a 574 páginas. | ||
| 490 | |a Colección Estructuras y Procesos. |a Religión. | ||
| 583 | |k Yessy Díaz Vidal |c 20241218 | ||
| 650 | 0 | |9 313616 |a Revelación |x Cristianismo |v Concepción e historia | |
| 650 | 0 | |9 266622 |a Dios |x Manifestaciones |x Filosofía y teología cristiana | |
| 942 | |2 ddc |c BK | ||
| 952 | |0 0 |1 0 |2 ddc |4 0 |6 231_740000000000000_TOR_2008 |7 0 |8 A |9 598742 |a BIBTEO |b BIBTEO |d 2024-12-17 |e 8 |g 32900.00 |i 5663701 |o 231.74 TOR 2008 |p 5663701 |r 2025-01-17 |t 1 |v 32900.00 |w 2024-12-17 |y BK |k ICR | ||